Removed archives: the case of the royal palace of Mari (ca 1810–1760 BCE)

Titel: Removed archives: the case of the royal palace of Mari (ca 1810–1760 BCE)
Verfasser:
In: Archival science, Band 25, Heft 4 (2025), Artikel-ID: 39
alle Artikel anzeigen
Veröffentlicht: 2025
Format: Aufsatz
Sprache: Englisch
Kein Bild verfügbar
X
alg: 54205159
001A    $03036:10-02-26 
001B    $01999:10-02-26 $t21:55:53.000 
001D    $03036:10-02-26 
001U    $0utf8 
001X    $00 
002@    $0Aou 
002C    $aText $btxt $2rdacontent 
002D    $aohne Hilfsmittel zu benutzen $bn $2rdamedia 
002E    $aBand $bnc $2rdacarrier 
003@    $0542051591 
007A    $0542051591 $aHEB 
009P    $3Volltext $uhttps://doi.org/10.1007/s10502-025-09500-1 
010@    $aeng 
010E    $erda 
011@    $a2025 
021A    $aRemoved archives: the case of the royal palace of Mari (ca 1810–1760 BCE) 
028A    $BVerfasser $4aut $7136746578 $8Abrahami, Philippe [Tp3] $9207074283 
031A    $d25 $e4 $g17 $i39 $j2025 
039B    $aEnthalten in $8--Abvc--. Archival science. - Dordrecht : Springer, 2001-. - ISSN 1389-0166 $x202500000250004999 $9083703608 
045T    $a24,1 $a8 

lok: 54205159 105

exp: 54205159 105 1 #EPN
201B/01 $010-02-26 $t11:32:09.000 
201C/01 $010-02-26 
201U/01 $0utf8 
203@/01 $01335129774 
208@/01 $a10-02-26 $be 
209A/01 $a/ $f106 $x00 
244Z/01 $aSyrien $x01 
244Z/01 $aSyria $x02 
244Z/01 $aSyrie $x03 
245Z/01 $a2.02. $bArchivwissenschaft und Archivtheorie / Archivgeschichte $x02 
245Z/01 $a5.01.02. $bArchivwesen außerhalb Europas / Archivwesen weltweit / Einzelne Länder $x05 
247C/01 $8->Marburg, Bibliographie zum Archivwesen der Archivschule Marburg $939588196X
LEADER 00000caa a2200000 c 4500
001 542051591
003 DE-603
005 20260210215553.0
007 tu
008 260210s2025 xx |||| | u00||u|eng c
035 |a (DE-599)HEB542051591 
040 |a DE-603  |b ger  |c DE-603  |d DE-603  |e rda 
041 |a eng 
084 |a 24,1  |a 8  |2 ssgn 
100 1 |a Abrahami, Philippe  |e Verfasser  |4 aut  |0 (DE-603)207074283  |0 (DE-588)136746578  |2 gnd 
245 0 0 |a Removed archives: the case of the royal palace of Mari (ca 1810–1760 BCE) 
264 0 |c 2025 
336 |a Text  |b txt  |2 rdacontent 
337 |a ohne Hilfsmittel zu benutzen  |b n  |2 rdamedia 
338 |a Band  |b nc  |2 rdacarrier 
773 0 8 |i Enthalten in  |t Archival science  |d Dordrecht : Springer, 2001-  |x 1389-0166  |g Band 25, Heft 4 (2025), Artikel-ID: 39  |w (DE-603)083703608  |w (DE-600)1492892-9 
856 4 2 |u https://doi.org/10.1007/s10502-025-09500-1  |3 Volltext 
924 0 |9 -  |a (DE-603)1335129774  |b DE-  |c HES  |d d  |g /